Kansas City Royals 2014 starting players - Statistics

General Stats
  • This quiz has been taken 295 times
    291 since last reset
  • The average score is 8 of 10
Answer Stats
Hint Answer % Correct
1B Eric Hosmer
95%
C Salvador Perez
95%
LF Alex Gordon
90%
CF Lorenzo Cain
89%
3B Mike Moustakas
87%
SS Alcides Escobar
84%
2B Omar Infante
64%
DH Billy Butler
61%
P (WC) James Shields
47%
RF Norichika Aoki
39%
No matching quizzes found
Score Distribution
Percent of People with Each Score
Percentile by Number Answered
Your Score History
You have not taken this quiz since the last reset